000 00664cab a2200205 4500
001 X77818
008 090401t1997 xxu||||| |||| 00| 0 eng d
035 _a(Sirsi) u77818
041 _aeng
245 _aDuffy v Lamb
260 _c1997
350 _a0
490 _aNew Property Cases
_v(1997) NPC 52(2)
520 _aCA 10 March 1997. An easement to receive a flow of electricity through a neighbors land is treated in the same way as an easement so to receive water. HEADNOTE FROM JOURNAL - NOT TO BE PHOTOCOPIED.
650 _aDUFFY V LAMB
650 _aEASEMENT
690 _aHIGHWAYS AND RIGHTS OF WAY-CASE LAW
942 _n0
948 _c18/04/1997
999 _c48926
_d48926